Tổ chức và hoạt động của toà soạn

.

Gardado en:
Detalles Bibliográficos
Autor Principal: Đinh Văn Hường
Formato: Libro
Idioma:Vietnamese
Publicado: H. Đại học Quốc gia Hà Nội 2006
Edición:in lần 2
Những chủ đề:
Các nhãn: Engadir etiqueta
Sen Etiquetas, Sexa o primeiro en etiquetar este rexistro!
Thư viện lưu trữ: Mạng thư viện Đại học Đà Nẵng
LEADER 00882nam a2200337 4500
001 000012948
003 9273
005 20120305140346.0
008 120305s2006 viesd
020 |c 17000 
041 0 |a vie 
082 |a 070  |b ĐIN 
100 0 |a Đinh Văn Hường 
245 0 |a Tổ chức và hoạt động của toà soạn  |c Đinh Văn Hường 
250 |a in lần 2 
260 |a H.  |b Đại học Quốc gia Hà Nội  |c 2006 
300 |a 160 tr.  |c 21 cm 
504 |a Thư mục: tr.151 
520 |a . 
653 |a Đinh Văn Hường 
653 |a Tổ chức 
653 |a Hoạt động 
910 |a Thu Sương  |d 30/8/2011 
OWN |a LSP 
999 |a From the UDN01 
TYP |a Monograph 
TYP |a Printed language 
980 |a Mạng thư viện Đại học Đà Nẵng